[Event "IM Marmaris Karia X 2019"]
[Site "Marmaris"]
[Date "2019.09.02"]
[Round "3.1"]
[White "Tarlabasi, Emirhan"]
[Black "Abdulov, Orkhan"]
[Result "1/2-1/2"]
[WhiteElo "2341"]
[BlackElo "2384"]
[Annotator "TA"]
[PlyCount "141"]
[EventDate "2019.09.02"]
[EventType "schev"]
[EventCountry "TUR"]
[SourceTitle "playchess.com"]
[Source "ChessBase"]
[SourceQuality "1"]

{[%evp 25,141,40,41,37,59,45,72,65,150,135,137,133,199,179,181,186,180,170,193,127,125,122,154,152,158,144,157,101,139,103,107,110,140,98,214,133,147,91,122,109,213,216,252,275,266,198,315,213,536,307,448,467,431,198,410,176,170,86,279,214,389,389,348,8,55,33,32,57,170,12,8,12,298,287,293,294,264,222,250,250,235,238,240,230,245,229,173,71,70,71,70,71,353,28,335,0,0,0,0,0,0,0,0,0,8,8,8,8,8,8,8,8,8,8,8,8,8,8]} 1. d4 Nf6 2. c4 c5 3. d5 e6 4. Nc3 exd5 5. cxd5 d6 6. e4 g6 7. f4 Bg7 8. Bb5+ Nfd7 9. Bd3 O-O 10. Nf3 Na6 11. O-O Nc7 12. a4 a6 13. Kh1 Rb8 14. a5 {A67: Modern Benoni: Taimanov Variation} b5 15. axb6 $1 Rxb6 16. Nd2 {White is better.} Nb5 (16... Rb4 $14) (16... Rb4 17. Nc4 Nf6 18. f5 Nb5 19. Bg5 Qc7 20. e5 dxe5 {1-0 (29) Kantor,G (2481)-Havelka,J (2326) Pardubice 2017}) 17. Nc4 $1 $16 Nxc3 18. bxc3 Rb8 $146 (18... Bxc3 $16 19. Ra2 (19. Nxb6 Bxa1 20. Nxc8 Qxc8 $11) 19... Rb4) ({Predecessor:} 18... Bxc3 19. Ra3 Bg7 20. Nxb6 Qxb6 21. Qa4 Nb8 {1-0 (32) Leitao,N (2114)-Guimaraes,M (2177) Sao Luis 2017}) 19. Nxd6 $18 Bxc3 20. Ra3 Bb4 21. Ra2 a5 22. Nc4 (22. f5 $18) 22... Ba6 $16 23. Ne3 Qc8 24. Rc2 a4 25. Bb2 Ba5 26. Bc4 (26. Nc4 $142 Rb3 27. Be2) 26... Bd8 27. e5 Bxc4 28. Nxc4 {f5 is the strong threat.} Qa6 29. Qc1 h6 (29... Rb3 $16 {was necessary.}) 30. Rf3 Rb4 31. h4 (31. Ba3 $142) 31... Qb7 32. Qd2 Rb3 (32... Nb6 $16 {keeps fighting.} 33. Nxb6 Rxb6) 33. h5 $18 Rxf3 34. gxf3 Nb6 35. Ne3 Qd7 (35... Qe7 $142) 36. Kh2 (36. Rxc5 Qh3+ 37. Kg1 Qxf3 $11) 36... g5 $2 (36... Qe7 {is a better chance.}) 37. f5 f6 (37... Qb5 $142 38. Kg2 Qb4) 38. Rxc5 fxe5 39. d6 (39. Ng4 $142) 39... Qf7 $2 (39... Qb7) 40. Bxe5 (40. Rxe5 $142 Nc4 41. Nxc4 Qxc4 42. Re6 Rxf5 43. Re8+ (43. Rxh6 Rxf3 44. Bd4 Qf1 $11) 43... Kf7 44. Rxd8 Rxf3 45. Be5 Qh4+ 46. Kg1) 40... Nd7 41. Rd5 ({White should try} 41. Rb5 $18) 41... Nxe5 $2 (41... Bf6 $16 42. Bxf6 Nxf6) 42. Rxe5 a3 $2 (42... Qb3 {was called for.} 43. Ng4 Qxf3 44. Qa2+ (44. Nxh6+ $2 Kh7 $19) 44... Qb3 45. Qxb3+ axb3) 43. Ng4 Qb3 44. Re6 $2 ({And not} 44. Nxh6+ Kh7 $11) (44. Qe3 $1 $18 {[%cal Re3b3]} Qxe3 45. Rxe3) 44... Qb2 45. Re2 {Black must now prevent Qd5+.} ({Much worse is} 45. Nxh6+ Kg7 $15) 45... Qxd2 46. Rxd2 $14 {[%mdl 4096] Endgame KRB-KRN} Ba5 ({Black should play} 46... Bb6 $1 $14) 47. Ra2 $2 ({White has to play} 47. Rd4 $1 $18) 47... Bb4 $11 48. d7 Kf7 $2 {[%mdl 8192]} (48... Rd8 $11 {and Black has nothing to worry.}) 49. Ne5+ $1 $18 Kf6 50. Nc6 Be7 51. Re2 {Intending Re6+ and mate.} Bd8 {[#]} 52. Re8 $1 Bc7+ {[#]} 53. Kh3 $1 Kf7 54. Ne5+ Kg7 {[#] Strongly threatening ...a2.} 55. f6+ $1 {[%mdl 512]} Rxf6 {[#] Hoping for ...a2.} 56. d8=Q (56. Rc8 $1 $18 {[%cal Rc8c7] and the rest is easy.} Bb6 57. Ra8) 56... Bxd8 $16 57. Rxd8 {Threatens to win with Rd7+. KRN-KR} Rf5 58. Rd7+ $1 Kf6 $2 {[%mdl 8192]} (58... Kg8 $16) 59. Ng4+ $18 {[%mdl 64] Double Attack} Ke6 60. Rd3 $2 (60. Ra7 $18 Rxf3+ 61. Kg2) 60... a2 $11 {The position is equal.} 61. Rd1 {And now Kg3 would win.} Rxf3+ {[#]} 62. Kg2 $1 Rb3 63. Ra1 Rb2+ 64. Kf3 Kd5 65. Nxh6 Kc4 66. Kg4 Kb3 67. Kxg5 Rh2 68. Ng4 Rxh5+ 69. Kxh5 {Ne3 would kill now.} Kb2 70. Rxa2+ Kxa2 71. Nh2 {Accuracy: White = 49%, Black = 36%.} 1/2-1/2

[Event "IM Marmaris Karia X 2019"]
[Site "Marmaris"]
[Date "2019.09.02"]
[Round "3.2"]
[White "Kizilkus, Akin"]
[Black "Darban, Morteza"]
[Result "1/2-1/2"]
[WhiteElo "2376"]
[BlackElo "2283"]
[Annotator "RC"]
[PlyCount "129"]
[EventDate "2019.09.02"]
[EventType "schev"]
[EventCountry "TUR"]
[SourceTitle "playchess.com"]
[Source "ChessBase"]
[SourceQuality "1"]
[TimeControl "5400+30"]

1. d4 {[%emt 0:00:30]} Nf6 {[%emt 0:03:30]} 2. c4 {[%emt 0:00:00]} e6 {[%emt 0:00:30]} 3. Nc3 {[%emt 0:00:00]} Bb4 {[%emt 0:01:30]} 4. e3 {[%emt 0:00:30]} O-O {[%emt 0:00:00]} 5. Nge2 {[%emt 0:00:00]} Re8 {[%emt 0:00:00]} 6. a3 {[%emt 0:00:00]} Bf8 {[%emt 0:00:00]} 7. Ng3 {[%emt 0:00:30]} d5 {[%emt 0:00:00]} 8. Be2 {[%emt 0:00:30]} dxc4 {[%emt 0:00:30]} 9. O-O {[%emt 0:00:00]} c5 {[%emt 0:01:30]} 10. dxc5 {[%emt 0:01:00]} Bxc5 {[%emt 0:00:30]} 11. Bxc4 {[%emt 0:01:30]} a6 {[%emt 0:00:30]} 12. b4 {[%emt 0:06:30]} Be7 {[%emt 0:02:30]} 13. Bb2 {[%emt 0:08:30]} Bd7 {[%emt 0:02:30]} 14. Qe2 {[%emt 0:04:30]} Bc6 {[%emt 0:00:30]} 15. Rad1 {[%emt 0:03:30]} Nbd7 {[%emt 0:01:30]} 16. e4 {[%emt 0:02:30]} Qc7 {[%emt 0:02:30]} 17. f4 {[%emt 0:02:30]} Nb6 {[%emt 0:01:30]} 18. Bb3 {[%emt 0:12:30]} Red8 {[%emt 0:01:30]} 19. Rc1 {[%emt 0:05:30]} Qd7 {[%emt 0:00:30]} 20. Rcd1 {[%emt 0:06:30]} Qe8 {[%emt 0:02:30]} 21. Rde1 {[%emt 0:07:30]} Bb5 {[%emt 0:24:30]} 22. Nxb5 {[%emt 0:00:30]} Qxb5 {[%emt 0:00:30]} 23. f5 {[%emt 0:02:30]} e5 {[%emt 0:00:30]} 24. Rf3 {[%emt 0:04:30]} Qxe2 {[%emt 0:01:30]} 25. Rxe2 {[%emt 0:00:30]} Bd6 {[%emt 0:00:30]} 26. Kf1 {[%emt 0:06:30]} Kf8 {[%emt 0:09:30]} 27. Rd3 {[%emt 0:01:30]} Rac8 {[%emt 0:01:30]} 28. Red2 {[%emt 0:02:30]} Ke7 {[%emt 0:00:30]} 29. Ke2 {[%emt 0:00:30]} Rd7 {[%emt 0:04:30]} 30. Rd1 {[%emt 0:02:55]} Bb8 {[%emt 0:02:30]} 31. Rxd7+ {[%emt 0:00:48]} Nbxd7 {[%emt 0:00:30]} 32. Kf3 {[%emt 0:01:37]} Ba7 {[%emt 0:00:30]} 33. Ne2 {[%emt 0:01:01]} g6 {[%emt 0:06:30]} 34. g4 {[%emt 0:01:45]} gxf5 {[%emt 0:00:30]} 35. gxf5 {[%emt 0:00:07]} Rg8 {[%emt 0:09:30]} 36. h3 {[%emt 0:01:48]} Rg5 {[%emt 0:03:15]} 37. Bc1 {[%emt 0:03:58]} Rh5 {[%emt 0:02:46]} 38. Rh1 {[%emt 0:01:40]} Rh4 {[%emt 0:04:15]} 39. Bg5 {[%emt 0:00:30]} Rxe4 {[%emt 0:00:30]} 40. Bd5 {[%emt 0:00:30]} Rxe2 {[%emt 0:00:30]} 41. Kxe2 {[%emt 0:00:30]} b6 {[%emt 0:00:30]} 42. Bc6 {[%emt 0:00:30]} Kd6 {[%emt 0:00:30]} 43. Bxd7 {[%emt 0:00:30]} Nxd7 {[%emt 0:00:30]} 44. Rd1+ {[%emt 0:00:30]} Kc6 {[%emt 0:00:30]} 45. Be7 {[%emt 0:00:30]} Bb8 {[%emt 0:00:30]} 46. Kf3 {[%emt 0:00:30]} b5 {[%emt 0:01:26]} 47. f6 {[%emt 0:03:33]} Nb6 {[%emt 0:08:41]} 48. Rd8 {[%emt 0:00:56]} Bc7 {[%emt 0:00:01]} 49. Rf8 {[%emt 0:00:01]} Kd5 {[%emt 0:00:02]} 50. Rxf7 {[%emt 0:01:16]} e4+ {[%emt 0:00:10]} 51. Ke2 {[%emt 0:00:10]} Ke6 {[%emt 0:00:55]} 52. Rxh7 {[%emt 0:00:16]} Nd5 {[%emt 0:00:08]} 53. Rh4 {[%emt 0:00:57]} Nf4+ {[%emt 0:01:56]} 54. Kf1 {[%emt 0:00:53]} e3 {[%emt 0:00:35]} 55. Rg4 {[%emt 0:00:55]} Be5 {[%emt 0:01:38]} 56. Rxf4 {[%emt 0:01:50]} Bxf4 {[%emt 0:00:04]} 57. Ke2 {[%emt 0:00:04]} Bg5 {[%emt 0:00:41]} 58. h4 {[%emt 0:00:42]} Bxh4 {[%emt 0:00:08]} 59. Kxe3 {[%emt 0:00:05]} Bg5+ {[%emt 0:00:15]} 60. Kd4 {[%emt 0:02:40]} Bc1 {[%emt 0:00:07]} 61. Kc5 {[%emt 0:01:37]} Bxa3 {[%emt 0:00:14]} 62. Kb6 {[%emt 0:00:24]} Bxb4 {[%emt 0:00:02]} 63. Bxb4 {[%emt 0:00:07]} Kxf6 {[%emt 0:00:04]} 64. Kxa6 {[%emt 0:00:04]} Ke6 {[%emt 0:00:09]} 65. Kxb5 {[%emt 0:00:02]} 1/2-1/2

[Event "IM Marmaris Karia X 2019"]
[Site "Marmaris"]
[Date "2019.09.02"]
[Round "3.3"]
[White "Caglar, Sila"]
[Black "Rakhmangulova, Anastasiya"]
[Result "1-0"]
[WhiteElo "2242"]
[BlackElo "2204"]
[Annotator "RC"]
[PlyCount "70"]
[EventDate "2019.09.02"]
[EventType "schev"]
[EventCountry "TUR"]
[SourceTitle "playchess.com"]
[Source "ChessBase"]
[SourceQuality "1"]
[TimeControl "5400+30"]

1. e4 {[%emt 0:00:30]} e5 {[%emt 0:02:30]} 2. Nf3 {[%emt 0:00:00]} Nc6 {[%emt 0:00:00]} 3. d4 {[%emt 0:00:00]} exd4 {[%emt 0:00:00]} 4. Nxd4 {[%emt 0:00:00]} g6 {[%emt 0:00:30]} 5. Nc3 {[%emt 0:02:00]} Bg7 {[%emt 0:00:30]} 6. Be3 {[%emt 0:08:30]} Nge7 {[%emt 0:00:30]} 7. Qd2 {[%emt 0:06:30]} d6 {[%emt 0:13:30]} 8. O-O-O {[%emt 0:02:30]} a6 {[%emt 0:23:30]} 9. h4 {[%emt 0:03:30]} h5 {[%emt 0:05:30]} 10. f4 {[%emt 0:03:30]} Bg4 {[%emt 0:03:30]} 11. Nf3 {[%emt 0:11:30]} Qd7 {[%emt 0:07:30]} 12. Bc4 {[%emt 0:06:30]} b5 {[%emt 0:06:30]} 13. Be2 {[%emt 0:00:30]} O-O {[%emt 0:04:30]} 14. Nd5 {[%emt 0:05:30]} Rfe8 {[%emt 0:00:30]} 15. Rde1 {[%emt 0:13:30]} Nxd5 {[%emt 0:07:30]} 16. exd5 {[%emt 0:00:00]} Ne7 {[%emt 0:00:30]} 17. Ng5 {[%emt 0:02:00]} Qf5 {[%emt 0:07:43]} 18. Bxg4 {[%emt 0:04:30]} hxg4 {[%emt 0:00:03]} 19. h5 {[%emt 0:04:30]} Qxd5 {[%emt 0:00:14]} 20. h6 {[%emt 0:02:30]} Qxd2+ {[%emt 0:03:23]} 21. Bxd2 {[%emt 0:00:00]} Bh8 {[%emt 0:04:16]} 22. h7+ {[%emt 0:01:00]} Kf8 {[%emt 0:00:41]} 23. Bc3 {[%emt 0:00:30]} Bxc3 {[%emt 0:05:44]} 24. bxc3 {[%emt 0:00:00]} Kg7 {[%emt 0:00:08]} 25. h8=Q+ {[%emt 0:00:00]} Rxh8 {[%emt 0:00:04]} 26. Rxh8 {[%emt 0:00:30]} Rxh8 {[%emt 0:00:03]} 27. Rxe7 {[%emt 0:00:00]} Rh2 {[%emt 0:02:40]} 28. Rxf7+ {[%emt 0:00:00]} Kg8 {[%emt 0:00:04]} 29. Rxc7 {[%emt 0:01:30]} Rxg2 {[%emt 0:00:10]} 30. Rd7 {[%emt 0:01:30]} g3 {[%emt 0:01:50]} 31. Rxd6 {[%emt 0:00:00]} Kg7 {[%emt 0:00:08]} 32. Rd7+ {[%emt 0:00:00]} Kg8 {[%emt 0:00:05]} 33. Rd3 {[%emt 0:06:11]} Rg1+ {[%emt 0:00:16]} 34. Kd2 {[%emt 0:00:05]} Rg2+ {[%emt 0:00:27]} 35. Kc1 {[%emt 0:01:22]} Rg1+ {[%emt 0:01:58]} 1-0

[Event "IM Marmaris Karia X 2019"]
[Site "Marmaris"]
[Date "2019.09.02"]
[Round "3.4"]
[White "Sahin, Ozgun"]
[Black "Nagy, Gabor"]
[Result "0-1"]
[WhiteElo "2205"]
[BlackElo "2484"]
[Annotator "TA"]
[PlyCount "48"]
[EventDate "2019.09.02"]
[EventType "schev"]
[EventCountry "TUR"]
[SourceTitle "playchess.com"]
[Source "ChessBase"]
[SourceQuality "1"]

{[%evp 10,48,18,8,42,32,34,29,42,35,51,43,70,73,77,74,73,56,83,82,143,97,78,-197,-194,-175,-171,-263,-281,-276,-289,-284,-247,-2968,-2949,-2455,-2435,-2021,-1899,-29997,-29998]} 1. e4 c5 2. Nf3 d6 3. d4 Nf6 4. Nc3 cxd4 5. Nxd4 a6 6. a3 g6 {B90: Sicilian Najdorf: Unusual White 6th moves, 6 Be3 Ng4 and 6 Be3 e5} (6... e5 7. Nf3 h6 8. Bc4 Be6 9. Bxe6 fxe6 10. O-O Nbd7 11. Ne1 Be7 12. Nd3 O-O 13. f4 Qc7 14. Kh1 {0-1 (52) Short,N (2648)-Aronian,L (2767) Caleta 2019}) 7. f3 Nbd7 8. Be3 Bg7 {White has an edge.} 9. Qd2 b5 10. g4 Bb7 11. h4 h5 12. g5 Nh7 13. f4 Rc8 $146 ({Predecessor:} 13... O-O 14. f5 Ne5 15. O-O-O Qa5 16. fxg6 fxg6 {1-0 (32) Kulakou,V-Thomson,N (1932) Vilnius 2011}) 14. Bh3 e5 (14... Nc5 $142) 15. Ndxb5 axb5 {[#]} 16. Nxb5 $2 {[%mdl 8192] [#]} (16. O-O-O $1 $16 {keeps the pressure on.}) 16... O-O $1 $19 17. Nxd6 {[#]} exf4 $1 {[%mdl 512]} 18. Bd4 (18. Bxf4 $142 Rb8 19. Nxb7 Rxb7 20. Rd1) 18... Bxd4 {[%mdl 64] Overworked Piece} 19. Qxd4 Rxc2 20. Nxb7 Qc7 21. Qxd7 $2 (21. Bxd7 f3 22. Bb5 Qxb7 23. Bd3 Rxb2 24. Rh3 (24. Rf1 $2 Rh2 $19)) 21... Qc4 {[%csl Gc2][%cal Rc4e2]} 22. Bf1 Qxe4+ {[%mdl 64] Double Attack} 23. Kd1 Rxb2 {( -> ...Qc2+)} 24. Rh3 Qc2+ {Accuracy: White = 39%, Black = 57%.} 0-1

[Event "IM Marmaris Karia X 2019"]
[Site "Marmaris"]
[Date "2019.09.02"]
[Round "3.5"]
[White "Altun, Arda"]
[Black "Benidze, Davit"]
[Result "0-1"]
[WhiteElo "2151"]
[BlackElo "2431"]
[Annotator "TA"]
[PlyCount "94"]
[EventDate "2019.09.02"]
[EventType "schev"]
[EventCountry "TUR"]
[SourceTitle "playchess.com"]
[Source "ChessBase"]
[SourceQuality "1"]

{[%evp 9,94,55,64,51,67,18,16,-6,0,-18,22,16,24,0,0,-18,-14,-8,-26,-27,20,-25,6,-25,-23,-93,-94,-149,-135,-130,-133,-140,-129,-227,-205,-210,-214,-209,-203,-297,-285,-292,-286,-287,-268,-265,-255,-261,-277,-271,-258,-376,-375,-414,-373,-451,-419,-882,-829,-757,-488,-436,-417,-416,-396,-502,-418,-403,-399,-516,-413,-418,-400,-906,-796,-29985,-892,-1209,-1185,-1330,-1354,-3411,-1491,-29990,-29991,-29996,-185]} 1. e4 c5 2. Nf3 e6 3. g3 Nc6 4. Bg2 Nge7 5. O-O b6 $146 ({Predecessor:} 5... Nd4 6. c3 Nxf3+ 7. Bxf3 b6 8. d4 Bb7 9. d5 Ng6 10. Bg2 d6 11. h4 Be7 12. f4 {0-1 (46) Pridorozhni,A (2545)-Korobov,A (2687) Moscow 2015}) 6. Re1 {B40: Sicilian: 2...e6, Unusual lines} Bb7 7. c3 d5 8. e5 {The position is equal.} h6 9. h4 Qc7 10. d4 Nf5 11. Bf4 Be7 12. h5 g5 13. hxg6 fxg6 14. g4 Ng7 15. Qd3 g5 16. Bg3 O-O-O 17. Na3 (17. dxc5 $1 $11 {keeps the balance.} h5 18. Qg6) 17... c4 $1 $36 {[%cal Rc4d3][%mdl 2048] Black is on the roll.} 18. Qg6 ({White should play} 18. Qd2 Bxa3 19. bxa3) 18... Bxa3 $1 19. bxa3 Rdg8 20. a4 Qe7 21. a3 (21. Rab1 $17) 21... Na5 $19 22. Nd2 h5 23. Qf6 Qd7 24. Qxg5 (24. Bh3 {was called for.}) 24... hxg4 25. Nf1 Nh5 ({Much less strong is} 25... Qxa4 26. Qe7 $17) 26. Qe3 Qxa4 27. Bh4 Qc2 28. Bf6 Rh7 29. Ng3 Qg6 30. Nxh5 (30. Ra2 $142) 30... Rxh5 (30... Qxh5 $2 31. Qg3 $19) 31. Qg3 Qh7 32. Rab1 Bc6 33. Rb4 (33. Ra1 $142 Kb8 34. Ra2) 33... Nb3 34. Qe3 Qc7 35. Rb1 Rf5 36. Qh6 Kb7 37. Rb2 a5 38. R4xb3 cxb3 39. Rxb3 Ba4 40. Rb1 g3 41. f4 (41. fxg3 $142 Rxg3 42. Bh4 Rxg2+ 43. Kxg2) 41... Bc2 42. Rc1 Be4 (42... Qxc3 $142 43. Kh1 Qxd4 44. Bg5 Rf7 45. Qh4 {[#]} Rxg5 $1 {[%mdl 576] Pin} 46. Re1 Rh7 $1 {[%mdl 512]} 47. Qxh7+ Bxh7 48. fxg5 Be4 49. a4 Qb2 50. Rxe4 Qc1+ {[%mdl 64] Double Attack} 51. Re1 Qxe1+ {[%mdl 64] Double Attack} 52. Bf1 Qxf1#) 43. Bxe4 dxe4 44. c4 Ka6 45. Bg5 Qf7 {( -> ...Rfxg5!)} 46. Rc2 {[#]} Rgxg5 $1 {[%mdl 512]} 47. fxg5 Rf1+ {Accuracy: White = 27%, Black = 74%.} 0-1

[Event "IM Marmaris Karia X 2019"]
[Site "Marmaris"]
[Date "2019.09.02"]
[Round "4.1"]
[White "Darban, Morteza"]
[Black "Tarlabasi, Emirhan"]
[Result "1/2-1/2"]
[WhiteElo "2283"]
[BlackElo "2341"]
[Annotator "TA"]
[PlyCount "62"]
[EventDate "2019.09.02"]
[EventType "schev"]
[EventCountry "TUR"]
[SourceTitle "playchess.com"]
[Source "ChessBase"]
[SourceQuality "1"]

{[%evp 9,62,0,10,0,-7,-1,0,-7,-7,-7,-8,0,0,-5,32,0,28,0,-8,0,0,0,0,-3,-2,-14,0,0,0,0,0,0,0,-4,-4,-4,-3,-12,-4,-23,-4,-8,-10,-11,-2,-8,0,-42,0,0,0,0,0,0,0]} 1. e4 e6 2. d4 d5 3. Nd2 Be7 4. c3 c5 5. dxc5 Nf6 6. Bd3 {C03: French Tarrasch: Unusual Black 3rd moves} dxe4 7. Nxe4 Nxe4 8. Bxe4 Qxd1+ 9. Kxd1 Bxc5 10. Ke2 Nd7 11. Nf3 e5 $146 ({Predecessor:} 11... Nf6 12. Bc2 Ke7 13. Rd1 Rd8 14. Rxd8 Kxd8 15. Ne5 Ke7 16. Be3 Bxe3 17. Kxe3 Nd5+ 18. Ke2 {½-½ (99) Alekseev,E (2653)-Demidov,M (2513) St Petersburg 2015}) 12. Be3 f6 13. Rhd1 Bxe3 14. Kxe3 Nc5 15. Bd5 Be6 16. Bxe6 Nxe6 17. Nd2 O-O-O 18. Nc4 Kc7 19. g3 Nc5 20. b3 {[%cal Bb2b3,Bb3b4][%mdl 32]} Rhe8 21. h4 g6 22. Nb2 f5 23. b4 Ne4 24. c4 Nf6 25. Rxd8 Rxd8 26. Rd1 Rxd1 27. Nxd1 $11 {KN-KN} Kc6 28. Nc3 h6 (28... a5 $5 29. bxa5 Kc5 $15) 29. Ke2 {The position is equal.} g5 30. hxg5 hxg5 31. a3 a6 {Accuracy: White = 72%, Black = 52%.} 1/2-1/2

[Event "IM Marmaris Karia X 2019"]
[Site "Marmaris"]
[Date "2019.09.02"]
[Round "4.2"]
[White "Rakhmangulova, Anastasiya"]
[Black "Kizilkus, Akin"]
[Result "0-1"]
[WhiteElo "2204"]
[BlackElo "2376"]
[Annotator "ChessBase"]
[PlyCount "60"]
[EventDate "2019.09.02"]
[EventType "schev"]
[EventCountry "TUR"]
[SourceTitle "playchess.com"]
[Source "ChessBase"]
[SourceQuality "1"]
[TimeControl "5400+30"]

1. e4 {[%emt 0:00:30]} e6 {[%emt 0:00:30]} 2. d4 {[%emt 0:00:00]} d5 {[%emt 0:00:00]} 3. exd5 {[%emt 0:00:00]} exd5 {[%emt 0:00:00]} 4. Bd3 {[%emt 0:00:00]} c5 {[%emt 0:00:00]} 5. Nf3 {[%emt 0:00:00]} c4 {[%emt 0:01:00]} 6. Be2 {[%emt 0:00:00]} Nf6 {[%emt 0:01:30]} 7. O-O {[%emt 0:00:00]} Be7 {[%emt 0:02:30]} 8. b3 {[%emt 0:00:30]} cxb3 {[%emt 0:00:30]} 9. axb3 {[%emt 0:00:00]} O-O {[%emt 0:00:30]} 10. c4 {[%emt 0:00:00]} Nc6 {[%emt 0:00:30]} 11. Nc3 {[%emt 0:02:30]} Bg4 {[%emt 0:03:30]} 12. Be3 {[%emt 0:04:30]} Rc8 {[%emt 0:06:30]} 13. h3 {[%emt 0:02:30]} Bh5 {[%emt 0:01:30]} 14. c5 {[%emt 0:02:30]} Ne4 {[%emt 0:00:30]} 15. Na2 {[%emt 0:05:30]} f5 {[%emt 0:06:30]} 16. b4 {[%emt 0:08:30]} a6 {[%emt 0:01:30]} 17. Rb1 {[%emt 0:09:30]} Bf6 {[%emt 0:06:30]} 18. g3 {[%emt 0:25:30]} g5 {[%emt 0:06:30]} 19. Kh1 {[%emt 0:10:30]} Qd7 {[%emt 0:03:30]} 20. Ne5 {[%emt 0:13:39]} Nxe5 {[%emt 0:06:30]} 21. Bxh5 {[%emt 0:00:05]} f4 {[%emt 0:02:30]} 22. Kh2 {[%emt 0:00:21]} fxg3+ {[%emt 0:03:30]} 23. fxg3 {[%emt 0:00:15]} Nc4 {[%emt 0:00:30]} 24. Bc1 {[%emt 0:08:56]} Bg7 {[%emt 0:12:30]} 25. Rb3 {[%emt 0:02:51]} Nf2 {[%emt 0:04:30]} 26. Bg4 {[%emt 0:02:25]} Qxg4 {[%emt 0:01:30]} 27. hxg4 {[%emt 0:01:38]} Nxd1 {[%emt 0:00:00]} 28. Rxd1 {[%emt 0:00:45]} Rf2+ {[%emt 0:00:00]} 29. Kg1 {[%emt 0:00:10]} Rxa2 {[%emt 0:00:30]} 30. Bxg5 {[%emt 0:00:08]} Re8 0-1

[Event "IM Marmaris Karia X 2019"]
[Site "Marmaris"]
[Date "2019.09.02"]
[Round "4.3"]
[White "Nagy, Gabor"]
[Black "Caglar, Sila"]
[Result "1/2-1/2"]
[WhiteElo "2484"]
[BlackElo "2242"]
[Annotator "TA"]
[PlyCount "130"]
[EventDate "2019.09.02"]
[EventType "schev"]
[EventCountry "TUR"]
[SourceTitle "playchess.com"]
[Source "ChessBase"]
[SourceQuality "1"]

{[%evp 23,130,19,21,19,16,24,35,-4,7,-22,-20,-142,-45,-195,-189,-251,-236,-366,-368,-369,-368,-355,-227,-230,-230,-213,-152,-152,-96,-93,-76,-66,-69,-75,-85,-113,-113,-93,-16,-14,0,0,132,0,132,132,123,119,226,226,226,226,226,226,431,431,431,431,431,431,431,403,431,431,431,431,390,390,390,390,431,431,431,416,416,223,390,132,208,132,132,132,132,132,132,36,83,16,109,15,15,15,15,9,15,9,12,9,12,12,12,12,12,12,12,12,12,-8,-8]} 1. c4 Nf6 2. Nc3 e6 3. Nf3 d5 4. d4 c6 5. e3 Bd6 6. Qc2 Nbd7 7. Bd3 O-O 8. O-O e5 9. cxd5 cxd5 10. e4 exd4 11. Nxd5 Nxd5 12. exd5 h6 13. Rd1 {D46: Semi-Slav: 5 e3 Nbd7 6 Bd3, Black avoids the Meran} Ne5 {Threatens to win with ...Nxf3+.} 14. Nxd4 {[#]} Qh4 $146 ({Predecessor:} 14... Nxd3 15. Qxd3 Re8 16. Nb5 a6 17. Nxd6 Qxd6 18. Be3 Bg4 19. Rd2 Rac8 20. a4 Bh5 {½-½ (60) Mamedyarov,S (2765)-Duda,J (2729) Paris 2019}) 15. f4 {And now g3 would win.White is slightly better.} Bg4 16. Rf1 Rac8 17. Bh7+ Kh8 18. Qe4 (18. Qb3 $1 $15) 18... Rfe8 $19 {Hoping for ...Ng6.} 19. fxe5 (19. g3 $142 Nf3+ {[%mdl 64] Discovered Attack} 20. Qxf3) 19... Rxe5 20. Nf3 (20. Qf4 $142 Rxd5 {[%mdl 64] Discovered Attack} 21. g3 Bxf4 22. gxh4 Rxc1 23. Raxc1 Bxc1 24. Rxc1) 20... Rxe4 21. Nxh4 Kxh7 22. Bd2 Rc2 23. Bc3 f6 24. Rac1 Rxc1 25. Rxc1 g5 (25... Rf4 $142 {...Be2 is the strong threat.} 26. h3 Be2) 26. Nf3 $17 Bxf3 27. gxf3 {[%mdl 4096] Endgame KRB-KRB} Re2 28. Bxf6 Bxh2+ ({Of course not} 28... Rxh2 $6 29. Be7 $11) 29. Kh1 Kg6 30. Bd4 h5 (30... Bf4 $17 31. Rd1 b6) 31. Rc8 $11 Bf4 32. Rg8+ Kf5 (32... Kf7 $11 {remains equal.} 33. Rg7+ Ke8) 33. Rf8+ $16 Kg6 {[#]} 34. d6 $1 Rd2 35. d7 Rxd4 (35... Rd1+ $16 36. Kg2 Rd2+ 37. Kf1 Rd1+ 38. Kf2 Rd2+ 39. Ke1 Rxd4) 36. d8=Q $18 Rxd8 37. Rxd8 {KR-KB} b6 {[#]} 38. b4 $1 a5 $2 (38... Kf6 {was necessary.} 39. b5 h4) 39. bxa5 bxa5 40. Rd5 Bc7 41. Rc5 Bd8 42. Kg2 Kf6 {[#]} 43. f4 $1 {[%mdl 512]} gxf4 44. Rxh5 Ke6 45. Kf3 Bc7 46. Ke4 Kd6 47. Kxf4 Kc6+ 48. Ke4 Bb6 49. Rh6+ (49. Kd3 $142) 49... Kb5 $2 (49... Kc5 {keeps fighting.} 50. Rh8 Kc4) 50. Kd5 $2 (50. a4+ $18 {is the precise move to win.} Kc5 51. Rh5+ Kc6 52. Rb5) 50... Be3 (50... Bd8 $16 51. Rh5 Ka4) 51. Rh3 Bd2 52. Rb3+ Ka4 53. Kc4 Bb4 54. a3 (54. Rh3 $16) 54... Bf8 $14 55. Rb1 (55. Rf3 $16 Be7 56. Rf5) 55... Be7 (55... Bxa3 $11 56. Rh1 Bb2) 56. Kc3 ({Better is} 56. Rb7 $16 Bd6 57. Rb5) 56... Bf6+ $11 {The position is equal.} 57. Kc2 {aiming for Rb3.} Kxa3 58. Rb6 Bg7 59. Rg6 Bh8 60. Rh6 Bg7 61. Rh3+ Kb4 62. Rb3+ Kc4 63. Rb7 Be5 64. Ra7 Kb4 65. Rxa5 Kxa5 {Accuracy: White = 36%, Black = 49%.} 1/2-1/2